Convento Dieguino de Santa María de los Ángeles (Record no. 10437)
[ view plain ]
| 000 -CABECERA | |
|---|---|
| campo de control de longitud fija | 00971nam a2200253 a 4500 |
| 001 - NÚMERO DE CONTROL | |
| campo de control | BRL_1628 |
| 005 - FECHA Y HORA DE LA ÚLTIMA TRANSACCIÓN | |
| campo de control | 20190320211310.0 |
| 008 - DATOS DE LONGITUD FIJA--INFORMACIÓN GENERAL | |
| campo de control de longitud fija | 150414s1947----mx-oe#####---#000-0#spa-# |
| 041 ## - CÓDIGO DE LENGUA | |
| Código de lengua del texto/banda sonora o título independiente | spa |
| Código de lengua original | eng |
| 044 ## - CÓDIGO DEL PAÍS DE LA ENTIDAD EDITORA/PRODUCTORA | |
| Código MARC del país | mx |
| 050 #4 - SIGNATURA TOPOGRÁFICA DE LA BIBLIOTECA DEL CONGRESO | |
| Número de clasificación | BX2532.C48 |
| Número de documento/Ítem | .R67 1947 |
| 100 1# - ENTRADA PRINCIPAL--NOMBRE DE PERSONA | |
| Nombre de persona | Rosell, Lauro E. |
| 9 (RLIN) | 11688 |
| 245 10 - MENCIÓN DE TÍTULO | |
| Título | Convento Dieguino de Santa María de los Ángeles |
| Resto del título | Huitzilopochco, Churubusco, museo histórico |
| Mención de responsabilidad, etc. | texto de Lauro E. Rosell. |
| 260 ## - PUBLICACIÓN, DISTRIBUCIÓN, ETC. | |
| Lugar de publicación, distribución, etc. | México |
| Nombre del editor, distribuidor, etc. | Instituto Nacional de Antropología e Historia, Dirección de Monumentos Coloniales |
| Fecha de publicación, distribución, etc. | 1947 |
| 300 ## - DESCRIPCIÓN FÍSICA | |
| Extensión | xliv, 47 p. |
| Otras características físicas | il., láminas |
| Dimensiones | 17 cm. |
| 440 #0 - MENCIÓN DE SERIE/PUNTO DE ACCESO ADICIONAL--TÍTULO | |
| Título | Monografías mexicanas de arte |
| Designación de volumen o secuencia | 8 |
| 9 (RLIN) | 27479 |
| 500 ## - NOTA GENERAL | |
| Nota general | Au1844 |
| 500 ## - NOTA GENERAL | |
| Nota general | Texto en: español e inglés. |
| 504 ## - NOTA DE BIBLIOGRAFÍA, ETC. | |
| Nota de bibliografía, etc. | Bibliografía: p. xliii-xliv |
| 610 24 - PUNTO DE ACCESO ADICIONAL DE MATERIA--NOMBRE DE ENTIDAD CORPORATIVA | |
| Nombre de entidad corporativa o nombre de jurisdicción como elemento de entrada | Convento de Churubusco (Churubusco, Distrito Federal, México) |
| 9 (RLIN) | 27480 |
| 651 #4 - PUNTO DE ACCESO ADICIONAL DE MATERIA--NOMBRE GEOGRÁFICO | |
| Nombre geográfico | Churubusco (Distrito Federal, México) |
| Subdivisión general | Historia eclesiástica |
| 9 (RLIN) | 27481 |
| 902 ## - CATALOGADOR | |
| Iniciales | GRL |
| 942 ## - ELEMENTOS DE PUNTO DE ACCESO ADICIONAL (KOHA) | |
| Fuente del sistema de clasificación o colocación | Library of Congress Classification |
| Tipo de ítem Koha | Libros |
| Estado de retiro | Estado de pérdida | Estado dañado | No para préstamo | Localización permanente | Ubicación/localización actual | Fecha de adquisición | Número de inventario | Total de préstamos | Signatura topográfica completa | Código de barras | Fecha visto por última vez | Precio válido a partir de | Tipo de ítem Koha |
|---|---|---|---|---|---|---|---|---|---|---|---|---|---|
| El ejemplar forma parte de la colección y puede ser consultado según las políticas vigentes. | Biblioteca Centro de Estudios Ruth D. Lechuga | Biblioteca Centro de Estudios Ruth D. Lechuga | 15/04/2014 | Au1844 | BX2532.C48 .R67 1947 (Au1844) | GRL01794 | 22/03/2019 | 22/03/2019 | Libros |